Internet cara mudah

Bibliographic Details
Main Author: McBride
Other Authors: Shahul Hamid Ahmad Kabir, Woo, Zainal Mohd. Salleh
Format: Book
Published: Kuala Lumpur : ITNM , 1997
Subjects:

MARC

LEADER 00000cam a2200000 7i4500
001 0000000104
005 20000703.0
020 0 0 |a 9830680975 
090 0 0 |a 005.369   |b MACB 1997 
100 0 0 |a McBride   |h P.K. 
245 1 0 |a Internet cara mudah   |c P.K. McBride; penterjemah Shahul Hamid Ahmad Kabir, Zainal Mohd. Salleh dan Woo Tai Kwan 
260 0 0 |a Kuala Lumpur :   |b ITNM ,   |c 1997 
300 |a ix, 149 p. :   |b ill. ;   |c 25 cm. 
500 0 0 |a Includes index 
650 0 0 |a Computer software 
650 0 0 |a Internet 
700 0 1 |a Shahul Hamid Ahmad Kabir 
700 0 1 |a Woo   |h Tai Kwan 
700 0 1 |a Zainal Mohd. Salleh 
999 |a 0000001079   |b Monograph   |c Open Shelf   |e Default branch